| 000 | 00629nam a2200217 u 4500 | ||
|---|---|---|---|
| 005 | 20240831063743.0 | ||
| 008 | 120213s20002006es r 000 0 spa d | ||
| 020 | _a8420743542 | ||
| 035 | _aUPN01000183408 | ||
| 049 | _aI | ||
| 050 | 4 |
_aPZ75 _bA4.4 |
|
| 100 | 1 |
_aAlonso, Manuel Luis, _d1948- _930691 |
|
| 245 | 1 | 3 |
_aLa aventura del zorro / _cManuel L. Alonso ; il. Antonia Santolaya, |
| 260 |
_aMadrid : _bAnaya, _c2000 (2006 impr.). |
||
| 300 |
_a70 p. : _bil. col. |
||
| 440 | 0 |
_aSopa de libros ; _v52 |
|
| 650 | 4 |
_aCuentos infantiles espaƱoles _97725 |
|
| 905 | _aInfantil | ||
| 999 |
_c155511 _d155511 |
||